Healing Memories (Record no. 20181)

MARC details
000 -LEADER
fixed length control field 00314nam a22001337a 4500
020 ## - INTERNATIONAL STANDARD BOOK NUMBER
ISBN 9783374047321
082 ## - DEWEY DECIMAL CLASSIFICATION NUMBER
Classification number 270.82 LUT
100 ## - MAIN ENTRY--AUTHOR NAME
Author name Lutheren world Fedration
245 ## - TITLE STATEMENT
Title Healing Memories
260 ## - PUBLICATION, DISTRIBUTION, ETC. (IMPRINT)
Place of publication Germany
Name of publisher The Luthren World Fedration
Year of publication 2016
300 ## - PHYSICAL DESCRIPTION
Number of Pages 199
650 ## - SUBJECT ADDED ENTRY--TOPICAL TERM
Topical Term Ecumenicalism
942 ## - ADDED ENTRY ELEMENTS (KOHA)
Koha item type Books
Holdings
Home library Current library Date acquired Full call number Accession Number Koha item type
Henry Martyn Institute Library Henry Martyn Institute Library 01/09/2017 270.82 LUT 11003444 Books
                   Copyright © 2026 | Henry Martyn Institute | Hyderabad | TS-500052 | INDIA | Implemented by hmi.edu.in
Hit-Count:

Powered by Koha